Southville International School and Colleges
Your cart is empty.
  • Cart
  • Lists
    Public lists Eva Luna New books Lux_list list_1
    Your lists Log in to create your own lists
  • Log in to your account
  • Your cookies
  • Search history
Southville International School and Colleges
  • Advanced search
  • Recent comments
  • Most popular
  • Libraries

Log in to your account

Log in with GOOGLE


If you do not have an external account, but do have a local account, you can still log in:

  1. Home
  2. MARC view: Bayanihan
Normal view MARC view ISBD view

Bayanihan (Record no. 14180)

[ view plain ]
MARC details
000 -LEADER
fixed length control field 00506nam a22001697a 4500
003 - CONTROL NUMBER IDENTIFIER
control field PILC
005 - DATE AND TIME OF LATEST TRANSACTION
control field 20150112093425.0
008 - FIXED-LENGTH DATA ELEMENTS--GENERAL INFORMATION
fixed length control field 130215t xxu||||| |||| 00| 0 eng d
020 ## - INTERNATIONAL STANDARD BOOK NUMBER
International Standard Book Number 9712712346
050 ## - LIBRARY OF CONGRESS CALL NUMBER
Classification number HD 9672
Item number .Ib12 2002
082 ## - DEWEY DECIMAL CLASSIFICATION NUMBER
Classification number SFf 338.47
Item number Ib15 2002
100 ## - MAIN ENTRY--PERSONAL NAME
Personal name Ibañez, Rodolfo G.
9 (RLIN) 11505
245 ## - TITLE STATEMENT
Title Bayanihan
Remainder of title the many great lessons of United Laboratories, Inc. /
Statement of responsibility, etc Rodolfo G. Ibanez
260 ## - PUBLICATION, DISTRIBUTION, ETC. (IMPRINT)
Place of publication, distribution, etc Manila
Name of publisher, distributor, etc Anvil
Date of publication, distribution, etc 2002.
300 ## - PHYSICAL DESCRIPTION
Extent 221 pages :
Other physical details ill.
Dimensions 22 cm.
942 ## - ADDED ENTRY ELEMENTS (KOHA)
Source of classification or shelving scheme Library of Congress Classification
Koha item type Books
Holdings
Withdrawn status Lost status Source of classification or shelving scheme Damaged status Home library Current library Shelving location Date acquired Total Checkouts Full call number Barcode Date last seen Date checked out Copy number Price effective from Koha item type
    Library of Congress Classification   Southville International School Affiliated with Foreign Universities Library Southville International School Affiliated with Foreign Universities Library Southville Foreign University Section 02/15/2013 1 HD 9672 .Ib12 2002 SFU1324 05/15/2018 11/21/2017 1 02/15/2013 Books

Bayanihan

APA

Ibañez R. G., . (2002). Bayanihan. Manila: Anvil.

Chicago

Ibañez Rodolfo G, . 2002. Bayanihan. Manila: Anvil.

Harvard

Ibañez R. G., . (2002). Bayanihan. Manila: Anvil.

MLA

Ibañez Rodolfo G, . Bayanihan. Manila: Anvil. 2002.

  • Place hold
  • Print
  • Cite
  • Add to your cart (remove)
  • Save record
    BIBTEX Dublin Core MARCXML MARC (non-Unicode/MARC-8) MARC (Unicode/UTF-8) MARC (Unicode/UTF-8, Standard) MODS (XML) RIS
  • More searches
    Search for this title in:
    Other Libraries (WorldCat) Other Databases (Google Scholar) Online Stores (Bookfinder.com) Open Library (openlibrary.org)

Exporting to Dublin Core...

SOUTHVILLE LIBRARY

Southville International School and Colleges Library

1281 Tropical Ave. Cor. Luxembourg St., BF Homes International, Las Pinas City

Tel. No. 8256374 / 252358 Loc. 117/146

Powered by Koha